| 000 | 00525nam a2200193Ia 4500 | ||
|---|---|---|---|
| 999 |
_c36261 _d36261 |
||
| 001 | 2166 | ||
| 003 | GE_BSU | ||
| 005 | 20190527160338.0 | ||
| 008 | 181216s2007||||enk|||||||||||||| ||eng|| | ||
| 040 | _cGE_BSU | ||
| 080 | _a811.111(075.8) C-94 | ||
| 100 |
_aCarr, jane comyns _91637 |
||
| 245 |
_aCutting EDGE: intermediate / _bWorkbook. |
||
| 264 |
_aEdinburgb, _c2007. |
||
| 300 |
_a111 p.; _b28 cm. |
||
| 653 | _aინგლისური ენა | ||
| 700 |
_aEales, _eავტორი _91655 |
||
| 942 |
_cBK _2udc |
||